| 000 | 01635nam0a2200349 4500 | ||
|---|---|---|---|
| 001 | RU\NLR\bibl\568391 | ||
| 005 | 20260405102128.0 | ||
| 020 |
_aRU _b04-04087 _9Летопись авторефератов диссертаций |
||
| 021 |
_aRU _b2004-1269а _9051а |
||
| 035 | _a(NLR Aleph) 000560473 | ||
| 090 |
_a1529198 _c1529198 |
||
| 100 | _a20040830d2004 u u0rusy50 ca | ||
| 101 | 0 | _arus | |
| 102 | _aRU | ||
| 105 | _ay dm ||||| | ||
| 200 | 1 |
_aПроблема качества лингвистического термина _e(На материале авт. терминосистем функцион. грамматики) _eАвтореф. дис. на соиск. учен. степ. к.филол.н. _eСпец. 10.02.19 _fПопова Лариса Владимировна _g[Челяб. гос. ун-т] |
|
| 210 |
_aЧелябинск _d2004 |
||
| 215 |
_a24 c. _d21 |
||
| 320 | _aБиблиогр.: с. 23-24 (8 назв.) | ||
| 610 | 0 | _aФилологические науки | |
| 675 |
_a81'36 _v3 _zrus |
||
| 686 |
_a16.41 _2rugasnti |
||
| 686 |
_a81 _2rubbk |
||
| 686 |
_a10.02.19 _2oksvnk |
||
| 700 | 1 |
_4070 _7ca _8rus _aПопова _bЛ. В. _cканд. филол. наук _gЛариса Владимировна _920881 _3RU\NLR\auth\7737894 |
|
| 801 | 0 |
_aRU _bRKP _c20040830 _gPSBO |
|
| 801 | 1 |
_aRU _bRKP _c20040830 |
|
| 801 | 2 |
_aRU _bNLR _c20060506 _grcr |
|
| 942 | _cBOOK | ||
| 981 | 1 | 0 |
_a(10) Авторефераты _b(10) 10.00.00 Филологические науки _b10.02.00 Языкознание _b10.02.19 Теория языка |